| 000 | 00442nam a22001577a 4500 | ||
|---|---|---|---|
| 999 |
_c3140 _d3140 |
||
| 008 | 200320b ||||| |||| 00| 0 eng d | ||
| 020 | _a9780713667349 | ||
| 100 |
_9693 _aStokoe, E. A. |
||
| 245 | 1 | 0 |
_aReed's Vol. 4 : naval architecture for marine engineers / _cby E. A. Stokoe. |
| 250 | _a4th ed. | ||
| 260 |
_aLondon : _bAdlard Coles Nautical, _c2009. |
||
| 300 | _a392p. | ||
| 490 | 0 | _vVol. 4 | |
| 650 | 0 | _aNaval Architecture | |
| 942 | _cBK | ||